Biblioteca y Centro de Documentación

Vista normal Vista MARC

Entrada Nombre de reunión

Número de registros utilizados en: 1

001 - NÚMERO DE CONTROL

  • Campo de control: 36494

003 - IDENTIFICADOR DE NÚMERO DE CONTROL

  • Campo de control: ES-MaCES

005 - FECHA Y HORA DE LA ULTIMA MODIFICACION

  • Campo de control: 20180704103031.0

008 - ELEMENTOS DE DATOS DE LONGITUD FIJA

  • Campo de longitud fija: 160223|| azz||aabn | a|a d

040 ## - FUENTE DE LA CATALOGACIÓN

  • Agencia original de catalogación: ES-MaCES

111 2# - ENCABEZAMIENTO--NOMBRE DE REUNIÓN

  • Nombre de reunión o jurisdicción como elemento de entrada: Congreso Universitario sobre Solución Autónoma de Conflictos Laborales
  • Número de parte/sección/reunión:
  • Fecha de reunión: 2017
  • Lugar de la reunión: Madrid

670 ## - FUENTE DE DATOS ENCONTRADOS

  • Información encontrada: fsima.es
© CES, Consejo Económico y Social de España 2021